| 000 | 00632nam a2200205 a 4500 | ||
|---|---|---|---|
| 005 | 20210223120629.0 | ||
| 008 | 991125s1974 es 000 0 spa u | ||
| 020 | _a8425208114 | ||
| 035 | _aUPN01000004581 | ||
| 049 | _aCE | ||
| 050 | 4 |
_aN5760 _aA5.38 |
|
| 100 | 1 |
_aAndreae, Bernard, _d1930- _936515 |
|
| 245 | 1 | 0 |
_aArte romano / _cBernard Andreae ; tr. Justo G. Beramendi. |
| 260 |
_aBarcelona, Esp. : _bG. Gili, _c1974. |
||
| 300 |
_a542 p. : _bprincipalmente il. col. |
||
| 440 | 3 | _aEl arte y las grandes civilizaciones | |
| 534 |
_pTÃtulo original: _tL'art de l'ancienne Rome |
||
| 650 | 4 |
_aARTE ROMANO _92622 |
|
| 905 | _aLibro | ||
| 999 |
_c4581 _d4581 |
||